| 000 | 02624nam a22003377a 4500 | ||
|---|---|---|---|
| 999 |
_c21916 _d21916 |
||
| 003 | AR-CdUCM | ||
| 008 | 190425b ||||| |||| 00| 0 spa d | ||
| 040 |
_aMUNICIPALIDAD PROVINCIAL DEL CUSCO _cBIBLIOTECA MUNICIPAL DEL CUSCO |
||
| 082 | _aRev.Letras/N°3/1968 | ||
| 110 |
_aUniversidad Nacional del Cuzco _923977 |
||
| 245 |
_aRevista Letras : _bórgano de la facultad de Letras y Ciencias Humanas / |
||
| 260 |
_aCusco : _bH.G. Rozas, _c1969. |
||
| 300 |
_a256 [45] páginas. : _c24 cm. |
||
| 440 |
_aUniversidad del Cuzco. _nAño II, Segunda época, segundo semestre de 1967, 1er semestre de 1968. N°3 _946815 |
||
| 505 | _aContenido: Las danzas indígenas del Perú como elementos teatrales en las épocas incaica y colonial. José Uriel García. -- Teatro aborigen americano. Clemente H. Balmori. -- Ignacio de Castro y un espectáculo de pantomima en el Cuzco colonial. Guillermo Ugarte Chamorro. -- Runa Simi o la lengua del hombre. Stefanie Klose. -- Garcilaso el Inca poeta y narrador. Augusto Tamayo Vargas. -- Elogio del libro. Alberto Tauro. -- La influencia telúrica en la idea filosófica Inca. Alfredo Yépez Miranda. -- Suma y desarrollo de las ideas sobre Filosofía de la Historia en el Perú. José Tamayo Herrera. -- La victoria regia cuento. Arturo Hernández. -- El Mar y sus palabras poesía. Arturo Corcuera. -- 12 poemas. Winston Orrillo. -- Anti poemas, breve antología. Nicanor Parra. -- Poemas. Carlos Germán Belli. -- Un rito en el Perú precolombino. Jorge Flores Ochoa. -- El parto y los ritos de nacimiento. Demetrio Roca Wallparimachi. -- El lenguaje humano. Andrés Alencastre G. -- Sabogal artista nacional y su época. Jorge Falcon. -- Benjamín Mendizábal Vizcarra apuntes para una biografía. Luis Nieto Miranda. -- Carta a césar Vallejo. Ernesto More. -- Breve antología. Taitacha Temblores. Cruz Velacuy la velada de la cruz. La chola. La chichería caverna de nacionalidad. Corpus del Cusco. El traje el poncho, el chullu, el chumpi y otras prendas. José Uriel García. | ||
| 650 |
_aNarrativa cusqueña _910453 |
||
| 650 |
_aEscritores cusqueños _910661 |
||
| 650 |
_aLiteratura cusqueña _946804 |
||
| 650 |
_aFolklore _946816 |
||
| 650 |
_aAntropología cusqueña _945862 |
||
| 700 |
_aGarcía, José Uriel _93684 |
||
| 700 |
_aUgarte Chamorro, Guillermo _931976 |
||
| 700 |
_aTamayo Vargas, Augusto _91952 |
||
| 700 |
_aTamayo Herrera, José _911513 |
||
| 700 |
_aFlores Ochoa, Jorge _92915 |
||
| 700 |
_aNieto Miranda, Luis _931822 |
||
| 700 |
_aRoca Wallparimachi, Demetrio _96182 |
||
| 700 |
_aTauro, Alberto _911692 |
||
| 942 |
_2ddc _cPP |
||
| 945 | _arac | ||